| 000 | 00360nam a2200145Ia 4500 | ||
|---|---|---|---|
| 008 | 230917s9999||||xx |||||||||||||| ||und|| | ||
| 040 |
_e195659 _aMAIN |
||
| 041 | _aEnglish | ||
| 082 | _a581.192 S64P | ||
| 100 | _aSingh, Udai Veer | ||
| 245 | 0 | _aPlant Biochemistry | |
| 260 |
_aNew Delhi _bSonali Publications _c2011 |
||
| 300 | _avii, 312 p. | ||
| 942 | _cBK | ||
| 999 |
_c159590 _d159590 |
||